Mama Panya's pancakes : (Record no. 8183)

MARC details
000 -LEADER
fixed length control field 01319nam a22003137a 4500
001 - CONTROL NUMBER
control field 8183
003 - CONTROL NUMBER IDENTIFIER
control field FISKH
005 - DATE AND TIME OF LATEST TRANSACTION
control field 20250901140551.0
008 - FIXED-LENGTH DATA ELEMENTS--GENERAL INFORMATION
fixed length control field 250901b cb ||||| |||| 00| 0 eng d
020 ## - INTERNATIONAL STANDARD BOOK NUMBER
International Standard Book Number 9781905236640
040 ## - CATALOGING SOURCE
Original cataloging agency FISKH
Language of cataloging eng
Transcribing agency FISKH
Modifying agency FISKH
050 ## - LIBRARY OF CONGRESS CALL NUMBER
Classification number PZ7.C35547 M
082 ## - DEWEY DECIMAL CLASSIFICATION NUMBER
Classification number 813.6
100 ## - MAIN ENTRY--PERSONAL NAME
Personal name Chamberlin, Mary
245 ## - TITLE STATEMENT
Title Mama Panya's pancakes :
Remainder of title A village tale from Kenya /
Statement of responsibility, etc. Written by Mary and Rich Chamberlin ; Illustrated by Julia Cairns
250 ## - EDITION STATEMENT
Edition statement This edition first published in 2006
260 ## - PUBLICATION, DISTRIBUTION, ETC.
Place of publication, distribution, etc. London :
Name of publisher, distributor, etc. Barefoot,
Date of publication, distribution, etc. 2005
300 ## - PHYSICAL DESCRIPTION
Extent 37 unnumbered pages :
Other physical details color illustrations ;
Dimensions 25 cm
505 ## - FORMATTED CONTENTS NOTE
Formatted contents note P<br/>
520 ## - SUMMARY, ETC.
Summary, etc. Mama Panya has just enough money to buy ingredients for a few pancakes, so when her son Adika invites all their friends to join them, she is sure there will not be enough to go around. With facts about Kenya and Kiswahili.<br/>
521 8# - TARGET AUDIENCE NOTE
Target audience note 600<br/>
Source Lexile<br/>
521 8# - TARGET AUDIENCE NOTE
Target audience note P<br/>
Source Raz-Plus<br/>
650 ## - SUBJECT ADDED ENTRY--TOPICAL TERM
Source of heading or term Sharing
Topical term or geographic name entry element Africa
650 ## - SUBJECT ADDED ENTRY--TOPICAL TERM
Source of heading or term Multicultural
Topical term or geographic name entry element Community
700 ## - ADDED ENTRY--PERSONAL NAME
Personal name Chamberlin, Rich
700 ## - ADDED ENTRY--PERSONAL NAME
Personal name Cairns, Julia
Dates associated with a name illustrator
942 ## - ADDED ENTRY ELEMENTS (KOHA)
Source of classification or shelving scheme Dewey Decimal Classification
Koha item type Books
Suppress in OPAC No
Holdings
Withdrawn status Lost status Source of classification or shelving scheme Damaged status Not for loan Collection Home library Current library Shelving location Date acquired Total Checkouts Full call number Barcode Date last seen Copy number Price effective from Koha item type
    Dewey Decimal Classification     Juvenile Fiction Footprints International School Library Network Toul Tom Poung Campus Footprints International School Library Network Toul Tom Poung Campus TTP Primary Yellow Bookshelves 09/01/2025   CHA 813.6 PZ7.C35547 M FISBK05872 09/01/2025 1 09/01/2025 Books